[Event "34. Kieler Open 2022"]
[Site "Kiel"]
[Date "2022.07.30"]
[Round "2.13"]
[White "Rieper, Julian"]
[Black "Burbach, Brunel Baron"]
[Result "0-1"]
[WhiteElo "2132"]
[BlackElo "1820"]
[Annotator "RW"]
[PlyCount "82"]
[EventDate "2022.??.??"]

{[%evp 0,44,22,13,34,41,47,47,31,31,31,31,22,25,49,14,13,13,51,31,28,28,40,24,
45,38,43,31,103,86,83,54,49,43,53,36,34,16,19,7,3,2,6,-21,22,0,35]} 1. e4 c5 2.
Nf3 e6 3. d4 cxd4 4. Nxd4 Nf6 5. Nc3 Nc6 6. Ndb5 Bc5 7. Nd6+ Ke7 8. Bf4 e5 9.
Nxc8+ Rxc8 10. Bg5 Kf8 11. Bd3 h6 12. Bxf6 Qxf6 13. O-O g5 14. Nd5 Qg6 15. a3
Ne7 16. Qe2 Nxd5 17. exd5 Qf6 18. c4 d6 19. Qg4 Kg7 20. Bf5 Rc7 21. Rac1 a5 22.
a4 Re7 23. Rc2 Rhe8 24. Qe4 Rh8 25. Rc3 Rc7 26. Rf3 Qe7 27. h4 Bd4 28. b3 b6
29. Rd1 Rb7 30. Rg3 Bc5 31. Rdd3 Rbb8 32. Rdf3 Rbg8 33. hxg5 hxg5 34. Qg4 Kf8
35. Be6 Rg7 36. Rh3 Rxh3 37. Qxh3 Kg8 38. Bf5 e4 39. Rg3 Qe5 40. Bc8 Qa1+ 41.
Kh2 Bxf2 0-1

[Event "34. Kieler Open 2022"]
[Site "Kiel"]
[Date "2022.07.30"]
[Round "2.14"]
[White "Callsen, Niklas"]
[Black "Guetschow, Christian"]
[Result "1-0"]
[WhiteElo "2107"]
[BlackElo "1791"]
[Annotator "RW"]
[PlyCount "63"]
[EventDate "2022.??.??"]

1. e4 e6 2. d4 d5 3. Nc3 Nf6 4. Bg5 Be7 5. e5 Nfd7 6. h4 h6 7. Bxe7 Qxe7 8. Qd2
a6 9. f4 c5 10. Nf3 Nc6 11. g4 b5 12. Bg2 Bb7 13. Ne2 Nb6 14. b3 c4 15. f5 b4
16. Nf4 Bc8 17. Nh5 Kd8 18. Nxg7 f6 19. exf6 Qxf6 20. Nh5 Qf7 21. f6 e5 22.
Nxe5 Nxe5 23. dxe5 Bxg4 24. Qd4 Qxh5 25. Qxb6+ Kc8 26. Qc6+ Kb8 27. Qd6+ Kc8
28. Qc5+ Kb8 29. Qxb4+ Kc8 30. Qc5+ Kb8 31. Qd6+ Kc8 32. Bxd5 1-0

[Event "34. Kieler Open 2022"]
[Site "Kiel"]
[Date "2022.07.30"]
[Round "2.15"]
[White "Akhmatovski, Maxim"]
[Black "Wunder, Niklas"]
[Result "1-0"]
[WhiteElo "1842"]
[BlackElo "2079"]
[Annotator "RW"]
[PlyCount "65"]
[EventDate "2022.??.??"]

{[%evp 0,63,22,-11,44,9,10,-24,-7,-30,-28,-23,-18,-14,26,38,38,31,33,37,33,17,
22,22,20,13,9,24,49,52,65,67,71,63,84,71,114,102,117,61,73,64,53,53,60,53,61,
58,41,50,83,97,86,135,98,95,223,228,277,274,253,258,258,255,358,317]} 1. c4 c6
2. g3 d5 3. Bg2 Nf6 4. Nf3 dxc4 5. Na3 Qd5 6. O-O e6 7. b3 cxb3 8. axb3 Be7 9.
Nc4 Qd8 10. Bb2 Nbd7 11. d4 O-O 12. Qc2 Nd5 13. e4 N5b6 14. Ne3 Nf6 15. Ne5 Bd7
16. f4 Qc7 17. g4 c5 18. Rfc1 Rfc8 19. Ba3 Bb5 20. Bxc5 Bxc5 21. Qxc5 Qxc5 22.
dxc5 Nbd7 23. Nxd7 Nxd7 24. b4 a5 25. e5 Bc6 26. Bxc6 Rxc6 27. Nc4 b6 28. Rd1
bxc5 29. Rxd7 cxb4 30. Rxa5 Rac8 31. Nd2 Rb6 32. Raa7 b3 33. Rab7 1-0

[Event "34. Kieler Open 2022"]
[Site "Kiel"]
[Date "2022.07.31"]
[Round "3.1"]
[White "Legky, Nikolay A"]
[Black "Fuhrmann, Bahne"]
[Result "1-0"]
[WhiteElo "2374"]
[BlackElo "1973"]
[PlyCount "107"]
[EventDate "2022.??.??"]

1. d4 Nf6 2. c4 g6 3. Nc3 d5 4. Bf4 Bg7 5. e3 O-O 6. cxd5 Nxd5 7. Nxd5 Qxd5 8.
Bxc7 Nc6 9. Ne2 e5 10. dxe5 Qxd1+ 11. Rxd1 Nxe5 12. Nd4 b6 13. Be2 Bb7 14. O-O
Rac8 15. Bd6 Rfd8 16. Bb4 a5 17. Bc3 Bd5 18. a3 Nc6 19. Rc1 a4 {=} 20. Rfd1 Na5
21. Ba6 Ra8 22. Bb5 Bb3 23. Re1 Rac8 24. Ne2 Nb7 25. Bxg7 Rxc1 26. Rxc1 Kxg7
27. Nd4 Nc5 28. Kf1 Rd5 29. Ke2 Kf6 30. Nxb3 Nxb3 31. Rc6+ Kg5 32. Bxa4 Rd2+
33. Ke1 Rxb2 34. f4+ Kg4 35. Rd6 Nc5 36. Bd1+ Kh4 37. Rd2 Rb1 38. Rd4 f5 39.
Kd2 Ra1 40. a4 Ra2+ 41. Bc2 Nb3+ 42. Kc3 Nxd4 43. exd4 Ra3+ 44. Bb3 Ra1 45. d5
Rc1+ 46. Bc2 Re1 47. Kd4 Re2 48. Bd3 Rxg2 49. d6 Ra2 50. Bb5 Rd2+ 51. Ke5 h6
52. d7 Kg4 53. Bc6 Re2+ 54. Kd6 1-0

[Event "34. Kieler Open 2022"]
[Site "Kiel"]
[Date "2022.07.31"]
[Round "3.2"]
[White "Doeserich, Juergen"]
[Black "Rudolph, Johannes"]
[Result "1/2-1/2"]
[WhiteElo "1945"]
[BlackElo "2363"]
[PlyCount "90"]
[EventDate "2022.??.??"]

1. e4 e5 2. Nf3 Nc6 3. Bb5 Nf6 4. d3 d6 5. Nc3 Bd7 6. Bg5 Be7 7. O-O O-O 8.
Bxf6 Bxf6 9. Nd5 g6 10. Nxf6+ Qxf6 11. Ne1 a6 12. Ba4 b5 13. Bb3 Nd4 14. c3 Ne6
15. g3 a5 16. Qd2 a4 17. Bd1 Qg5 18. Qxg5 Nxg5 19. f4 Ne6 20. fxe5 dxe5 21. Nf3
f6 22. a3 c5 23. Bc2 Rad8 24. Rad1 Bc6 25. Rd2 Rd6 26. Rdf2 Kg7 27. h4 h5 28.
Ne1 c4 29. dxc4 bxc4 30. Ng2 Nc5 31. Ne3 Nxe4 32. Nxc4 Rdd8 33. Bxe4 Bxe4 34.
Rd2 Rxd2 35. Nxd2 Bd3 36. Rf2 Rb8 37. Nf1 f5 38. Ne3 Rb5 39. Rd2 e4 40. Ng2 Bc4
41. Kf2 Kf6 42. Nf4 Rb6 43. Ke3 Bf7 44. Nh3 Ke5 45. Ng5 Bb3 1/2-1/2

[Event "34. Kieler Open 2022"]
[Site "Kiel"]
[Date "2022.07.31"]
[Round "3.3"]
[White "Arndt, Magnus"]
[Black "Browning, Rebecca"]
[Result "1-0"]
[WhiteElo "2359"]
[BlackElo "1938"]
[PlyCount "85"]
[EventDate "2022.??.??"]

1. d4 d5 2. Bf4 Nf6 3. e3 c6 4. Bd3 Bg4 5. Nf3 e6 6. Nbd2 Bd6 7. c3 Qc7 8. Bxd6
Qxd6 9. Qb3 b6 10. Ne5 Bh5 11. c4 O-O 12. cxd5 exd5 13. Rc1 Ng4 14. Nxg4 Bxg4
15. Qc2 h6 16. O-O Re8 17. a3 Re6 18. Qa4 a6 19. Rc3 Nd7 20. Rfc1 b5 21. Qa5
Nb8 22. Qb6 Re7 23. h3 Bc8 24. Qa5 Bb7 25. Nf3 Nd7 {=} 26. Bf5 Nb8 27. Ne5 g6
28. Bb1 Kg7 29. R3c2 Rc7 30. h4 Nd7 31. Nd3 Rac8 32. h5 g5 33. Qd2 Re8 34. Rc3
Re6 35. Qc2 a5 36. Nc5 Nxc5 37. Rxc5 Re4 38. Rxd5 Qxd5 39. Qxe4 Rd7 40. Qh7+
Kf8 41. Rc5 Qb3 42. Qh8+ Ke7 43. Re5+ 1-0

[Event "34. Kieler Open 2022"]
[Site "Kiel"]
[Date "2022.07.31"]
[Round "3.4"]
[White "Fuhrmann, Ake"]
[Black "Farokhi, Keyvan"]
[Result "1/2-1/2"]
[WhiteElo "1942"]
[BlackElo "2332"]
[PlyCount "35"]
[EventDate "2022.??.??"]

1. d4 Nf6 2. c4 c5 3. d5 b5 4. cxb5 a6 5. bxa6 g6 6. g3 Bg7 7. Bg2 d6 8. Nc3
O-O 9. Nf3 Bxa6 10. O-O Nbd7 11. Rb1 Qa5 12. Qc2 Nb6 13. Nd2 c4 14. b4 cxb3 15.
Nxb3 Qb4 16. Na1 Qa5 17. Nb3 Qb4 18. Na1 1/2-1/2

[Event "34. Kieler Open 2022"]
[Site "Kiel"]
[Date "2022.07.31"]
[Round "3.5"]
[White "Doll, Rebecca"]
[Black "Popvasilev, Kaloyan"]
[Result "1/2-1/2"]
[WhiteElo "1933"]
[BlackElo "2208"]
[PlyCount "84"]
[EventDate "2022.??.??"]

1. e4 c5 2. Nf3 d6 3. d4 cxd4 4. Nxd4 Nf6 5. Nc3 Nc6 6. Bg5 e6 7. Qd3 Bd7 8.
O-O-O a6 9. f4 b5 10. g3 Qb6 11. Bg2 Ng4 12. Nxc6 Bxc6 13. Rhe1 Nf2 14. Qd4
Qxd4 15. Rxd4 h6 16. Bh4 g5 17. Rd2 gxh4 18. Rxf2 hxg3 19. hxg3 O-O-O 20. a3
Rg8 21. Rf3 Bg7 22. Rd3 Kc7 23. Bh1 Bf6 24. Rf1 h5 25. Ne2 h4 26. gxh4 Bxh4 27.
Rh3 Be7 28. Rh7 Rdf8 29. Rg1 Rxg1+ 30. Nxg1 Rg8 31. Ne2 Be8 32. Kd2 Bf6 33. c3
Rh8 34. Rxh8 Bxh8 35. Nd4 Bd7 36. Bf3 e5 37. fxe5 dxe5 38. Nf5 Bf6 39. Bh5 Bxf5
40. exf5 Bg5+ 41. Kc2 f6 42. Bf3 Kb6 1/2-1/2

[Event "34. Kieler Open 2022"]
[Site "Kiel"]
[Date "2022.07.31"]
[Round "3.6"]
[White "Zimmermann, Manfred"]
[Black "Doll, Alexander"]
[Result "0-1"]
[WhiteElo "1933"]
[BlackElo "2180"]
[PlyCount "56"]
[EventDate "2022.??.??"]

1. d4 d5 2. c4 e6 3. e3 Nf6 4. Nf3 c6 5. a3 Nbd7 6. Nc3 Bd6 7. Bd3 O-O 8. O-O
dxc4 9. Bxc4 e5 10. dxe5 Nxe5 11. Nxe5 Bxe5 12. Qxd8 Rxd8 13. Be2 Bf5 14. Bf3
Bd3 15. Re1 Rd6 16. e4 Bxc3 17. bxc3 Bxe4 18. Bf4 Re6 19. Be2 Rae8 20. Kf1
Bxg2+ 21. Kxg2 Rxe2 22. Rxe2 Rxe2 23. Be3 b6 24. Rd1 Nd5 25. Kf3 Rc2 26. Bd4 f6
27. Rd3 Kf7 28. a4 Ke6 0-1

[Event "34. Kieler Open 2022"]
[Site "Kiel"]
[Date "2022.07.31"]
[Round "3.7"]
[White "Kardoeus, David"]
[Black "Quiring, Nikolai"]
[Result "1-0"]
[WhiteElo "2174"]
[BlackElo "1915"]
[PlyCount "63"]
[EventDate "2022.??.??"]

1. e4 e6 2. d4 d5 3. Nd2 Nf6 4. e5 Nfd7 5. Bd3 c5 6. c3 Nc6 7. Ne2 cxd4 8. cxd4
f6 9. exf6 Nxf6 10. O-O Bd6 11. Nf3 O-O 12. Bf4 Bxf4 13. Nxf4 Ne4 14. Qc1 Qf6
15. Ne2 Bd7 16. Qe3 Nd6 17. Ne5 Rad8 18. Rae1 Nf5 19. Bxf5 Qxf5 20. Nxc6 bxc6
21. Nc1 Qf4 22. Nd3 Qxe3 23. Rxe3 Kf7 24. Rc1 Ke7 25. Ne5 Kd6 26. Rh3 h6 27.
Ra3 Ra8 28. Ra6 Rfc8 29. b4 Rc7 30. b5 Rac8 31. bxc6 Bxc6 32. h4 1-0

[Event "34. Kieler Open 2022"]
[Site "Kiel"]
[Date "2022.07.31"]
[Round "3.8"]
[White "Hufendiek, Ekkehard"]
[Black "Boehme, Sebastian"]
[Result "0-1"]
[WhiteElo "1929"]
[BlackElo "2168"]
[PlyCount "36"]
[EventDate "2022.??.??"]

1. e4 c6 2. d4 d5 3. e5 c5 4. dxc5 e6 5. a3 Bxc5 6. b4 Be7 7. Nf3 a5 8. b5 Nd7
9. a4 f6 10. Bb2 Nh6 11. c4 Nf7 12. cxd5 Ndxe5 13. Nxe5 Nxe5 14. Bxe5 fxe5 15.
Bc4 Bb4+ 16. Kf1 O-O 17. Qb3 Qh4 18. g3 Qe4 0-1

[Event "34. Kieler Open 2022"]
[Site "Kiel"]
[Date "2022.07.31"]
[Round "3.9"]
[White "Papesch, Dennis"]
[Black "Doll, Stefan"]
[Result "0-1"]
[WhiteElo "1910"]
[BlackElo "2134"]
[PlyCount "74"]
[EventDate "2022.??.??"]

1. d4 d5 2. Nf3 Nf6 3. e3 e6 4. Bd3 c5 5. O-O Nc6 6. b3 Bd6 7. Bb2 O-O 8. Nbd2
b6 9. Ne5 Bb7 10. f4 Rc8 11. a3 Ne7 12. c4 Nf5 13. Qe2 Ne4 14. cxd5 exd5 15.
Nxe4 dxe4 16. Bc4 Qe7 17. Rfe1 cxd4 18. exd4 Bb8 19. a4 Nd6 20. Ba3 Qf6 21.
Rad1 Qxf4 22. Rf1 Qh6 23. Bxd6 Bxd6 24. Rxf7 Rxf7 25. Bxf7+ Kh8 26. Bc4 Rf8 27.
Rf1 g6 28. Rxf8+ Qxf8 29. Nf7+ Kg7 30. Qe3 h5 31. Qh6+ Kf6 32. h4 Qxh6 33. Nxh6
Bg3 34. Nf7 e3 35. Nd8 Be4 36. b4 Ke7 37. Ne6 e2 0-1

[Event "34. Kieler Open 2022"]
[Site "Kiel"]
[Date "2022.07.31"]
[Round "3.10"]
[White "Ziaeian, Shahin"]
[Black "Callsen, Niklas"]
[Result "1-0"]
[WhiteElo "1877"]
[BlackElo "2107"]
[PlyCount "107"]
[EventDate "2022.??.??"]

1. d4 Nf6 2. Nc3 d5 3. Bf4 c5 4. e3 a6 5. dxc5 Nc6 6. a3 e5 7. Bg5 Be6 8. b4
Be7 9. Nf3 h6 10. Bh4 O-O 11. Be2 g5 12. Bg3 d4 13. exd4 exd4 14. Na4 Ne4 15.
Ne5 Nxe5 16. Bxe5 Bf6 17. Bxf6 Qxf6 18. O-O Rad8 19. Bd3 Bd5 20. Qg4 Qc6 21.
Nb6 f5 22. Nxd5 Qxd5 23. Qh5 Kg7 24. Rfe1 Rde8 25. Qe2 Nf6 26. Qf1 Ng4 27. Bc4
Qd7 28. Rxe8 Rxe8 29. h3 Ne5 30. Rd1 g4 31. hxg4 Nxg4 32. Qd3 Kg6 33. Qg3 Kh7
34. Bd3 Kh8 35. Qf4 Rf8 36. f3 Ne3 37. Qxh6+ Kg8 38. Qxe3 dxe3 39. Bc4+ Qf7 40.
Bxf7+ Kxf7 41. f4 Re8 42. Re1 Re4 43. g3 Ke6 44. Kg2 Kd5 45. Kf3 Kd4 46. Rd1+
Kc4 47. g4 Re7 48. gxf5 a5 49. f6 e2 50. Re1 Rf7 51. Rxe2 axb4 52. axb4 Kxb4
53. Re6 Kxc5 54. Ke4 1-0

[Event "34. Kieler Open 2022"]
[Site "Kiel"]
[Date "2022.07.31"]
[Round "3.11"]
[White "Ghadimi, Mohammed Reza"]
[Black "Walther, Joachim"]
[Result "1-0"]
[WhiteElo "2147"]
[BlackElo "1910"]
[PlyCount "51"]
[EventDate "2022.??.??"]

1. e4 e5 2. Nc3 Bc5 3. Nf3 d6 4. d4 exd4 5. Nxd4 Nc6 6. Nb3 Bb4 7. Bd2 Nf6 8.
a3 Bxc3 9. Bxc3 O-O 10. f3 a6 11. Qd2 Re8 12. O-O-O Be6 13. g4 Bxb3 14. cxb3
Nd7 15. Kb1 Qe7 16. h4 Nde5 17. Be2 Qe6 18. f4 Nxg4 19. Bxg4 Qxe4+ 20. Ka2 f6
21. Bd7 Red8 22. Rhe1 Qg6 23. h5 Qh6 24. Bxc6 bxc6 25. Re7 Kf8 26. Rxc7 1-0

[Event "34. Kieler Open 2022"]
[Site "Kiel"]
[Date "2022.07.31"]
[Round "3.12"]
[White "Kort, Felix"]
[Black "Basener, Winfried"]
[Result "0-1"]
[WhiteElo "1858"]
[BlackElo "2078"]
[PlyCount "40"]
[EventDate "2022.??.??"]

1. d4 Nf6 2. c4 e6 3. Nc3 Bb4 4. Qc2 d5 5. a3 Bxc3+ 6. Qxc3 O-O 7. Nf3 b6 8.
Bf4 Nbd7 9. b4 a5 10. b5 Bb7 11. e3 Rc8 12. Bd3 c5 13. O-O dxc4 14. Qxc4 Bxf3
15. gxf3 cxd4 16. Qa2 Nc5 17. Rfd1 Nd5 18. Bg3 dxe3 19. fxe3 Qf6 20. Qf2 Nxd3
0-1

[Event "34. Kieler Open 2022"]
[Site "Kiel"]
[Date "2022.07.31"]
[Round "3.13"]
[White "Schmitz, Andreas Arnold"]
[Black "Akhmatovski, Maxim"]
[Result "1-0"]
[WhiteElo "2070"]
[BlackElo "1842"]
[PlyCount "117"]
[EventDate "2022.??.??"]

1. e4 g6 2. d4 Bg7 3. Nf3 d6 4. Nc3 Nf6 5. Be2 O-O 6. O-O Bg4 7. h3 Bxf3 8.
Bxf3 Nc6 9. Be3 e5 10. d5 Ne7 11. Qd2 Nd7 12. Be2 f5 13. f4 Nf6 14. fxe5 dxe5
15. exf5 gxf5 16. Bc5 Nd7 17. Ba3 Nb6 18. Rad1 Kh8 19. d6 cxd6 20. Qxd6 Qxd6
21. Bxd6 Bf6 22. g4 Nbc8 23. Ba3 Bg5 24. Rd7 Rb8 25. gxf5 Rxf5 26. Bd3 Rxf1+
27. Kxf1 Kg7 28. Ne4 Bh4 29. Ke2 Kf7 30. Nc5 b5 31. Rb7 Rxb7 32. Nxb7 a6 33.
Bxh7 Nd5 34. Bc5 Ncb6 35. Kf3 Nc4 36. b3 Nd2+ 37. Ke2 Bg5 38. Nd6+ Kg7 39. Bf5
Nc3+ 40. Kd3 Nxa2 41. Be3 Bxe3 42. Kxe3 Nf1+ 43. Ke4 Kf6 44. Bc8 Nc3+ 45. Kd3
Nd5 46. Ke2 Ng3+ 47. Kf3 Nh5 48. Bxa6 Nb4 49. Bxb5 Nxc2 50. Ne4+ Ke7 51. Bc4
Nf4 52. h4 Nd4+ 53. Kg4 Kd7 54. h5 Kc6 55. h6 Ng6 56. h7 Kd7 57. Kg5 Nh8 58.
Kf6 Nc6 59. Bb5 1-0

[Event "34. Kieler Open 2022"]
[Site "Kiel"]
[Date "2022.07.31"]
[Round "3.14"]
[White "Petrashov, Alexander"]
[Black "Hentrop, Malte"]
[Result "1/2-1/2"]
[WhiteElo "2029"]
[BlackElo "1789"]
[PlyCount "58"]
[EventDate "2022.??.??"]

1. d4 d5 2. c4 c6 3. Nc3 Nf6 4. Bf4 e6 5. c5 b6 6. b4 Be7 7. e3 O-O 8. h3 a5 9.
a3 Ba6 10. Nf3 Bxf1 11. Kxf1 b5 12. Bxb8 Qxb8 13. bxa5 Rxa5 14. Ke2 Qa7 15. Qb3
Ra8 16. Ne5 Qa6 17. Kf3 Bd8 18. Nb1 Bc7 19. Nd3 Nd7 20. Nb4 Qb7 21. Nc3 f5 22.
Rhb1 Nf6 23. Ke2 R5a7 24. f4 Ba5 25. a4 Bxb4 26. Qxb4 Ra5 27. Ra3 Qa7 28. Rab3
bxa4 29. Ra3 Qa6+ 1/2-1/2

[Event "34. Kieler Open 2022"]
[Site "Kiel"]
[Date "2022.07.31"]
[Round "3.15"]
[White "Burbach, Brunel Baron"]
[Black "Annegarn, Alexander"]
[Result "0-1"]
[WhiteElo "1820"]
[BlackElo "2000"]
[PlyCount "60"]
[EventDate "2022.??.??"]

1. e4 g6 2. d4 Bg7 3. Nc3 c5 4. Be3 Qb6 5. Nd5 Qa5+ 6. Bd2 Qd8 7. Bf4 d6 8.
dxc5 Bxb2 9. cxd6 exd6 10. Rb1 Be5 11. Bxe5 dxe5 12. Nf3 Nf6 13. Bb5+ Bd7 14.
Nxf6+ Qxf6 15. Bxd7+ Nxd7 16. Rxb7 Rd8 17. Qe2 Qc6 18. Rb3 Rc8 19. O-O O-O 20.
Qb5 a6 21. Qxc6 Rxc6 22. Ra3 f6 23. Rd1 Rxc2 24. Rxa6 Nc5 25. Ra7 Nxe4 26. h3
Rf7 27. Ra8+ Kg7 28. Rf1 Rb7 29. Ra4 Nc3 30. Rc4 Ne2+ 0-1

[Event "34. Kieler Open 2022"]
[Site "Kiel"]
[Date "2022.07.31"]
[Round "3.16"]
[White "Ruhland, Cliff"]
[Black "Rohmann, Volker"]
[Result "1-0"]
[WhiteElo "1997"]
[BlackElo "1746"]
[PlyCount "63"]
[EventDate "2022.??.??"]

1. e4 e5 2. Nf3 Nc6 3. d4 exd4 4. Bc4 Nf6 5. e5 d5 6. Bb5 Ne4 7. Nxd4 Bd7 8.
Bxc6 bxc6 9. O-O Bc5 10. f3 Ng5 11. Be3 Bb6 12. f4 Ne4 13. Nd2 Nxd2 14. Qxd2 c5
15. Nf3 d4 16. Bf2 O-O 17. Bh4 Qc8 18. a4 c6 19. Be7 Re8 20. Bd6 a5 21. h3 Be6
22. Kh2 Qa6 23. Ng5 Bd5 24. Rae1 Rad8 25. f5 c4 26. f6 c3 27. Qf4 Rxd6 28. exd6
Re3 29. bxc3 Bc4 30. cxd4 Bxf1 31. Rxe3 gxf6 32. Qxf6 1-0

[Event "34. Kieler Open 2022"]
[Site "Kiel"]
[Date "2022.07.31"]
[Round "3.17"]
[White "Braeutigam, Alexander"]
[Black "Dittrich, Gunnar"]
[Result "1-0"]
[WhiteElo "1771"]
[BlackElo "1994"]
[PlyCount "103"]
[EventDate "2022.??.??"]

1. d4 d5 2. c4 e6 3. Nc3 Nf6 4. cxd5 exd5 5. Bg5 Be7 6. e3 O-O 7. Qc2 h6 8. Bh4
b6 9. Nf3 Bb7 10. Be2 Nbd7 11. O-O Ne4 12. Bxe7 Qxe7 13. Nd2 Nxd2 14. Qxd2 f5
15. Bf3 Nf6 16. Ne2 Ba6 17. Rfc1 Bxe2 18. Qxe2 Ne4 19. Rc6 Qd7 20. Rac1 Nc5 21.
Rxc7 Qxc7 22. Bxd5+ Kh8 23. Bxa8 Rxa8 24. dxc5 bxc5 25. Qc2 Qe5 26. h3 Rc8 27.
Qc3 Qd5 28. Qc4 Qd2 29. b4 Rb8 30. Qxc5 Qxa2 31. Qxf5 Qd2 32. Rc8+ Rxc8 33.
Qxc8+ Kh7 34. Qf5+ Kh8 35. Qf4 a6 36. g3 Qc1+ 37. Kh2 g5 38. Qf6+ Kh7 39. Qxa6
Qe1 40. Qb7+ Kg6 41. Qc6+ Kg7 42. Qd7+ Kg6 43. Qd6+ Kh7 44. Kg2 Qb1 45. Qd4 h5
46. e4 g4 47. h4 Qb3 48. e5 Kg8 49. Qe4 Kf7 50. Qf5+ Ke7 51. Qf6+ Ke8 52. Qc6+
1-0

[Event "34. Kieler Open 2022"]
[Site "Kiel"]
[Date "2022.07.31"]
[Round "3.18"]
[White "Horn, Peter"]
[Black "Sickmann, Lisa"]
[Result "0-1"]
[WhiteElo "2132"]
[BlackElo "1672"]
[PlyCount "74"]
[EventDate "2022.??.??"]

1. c4 e5 2. g3 Nf6 3. Bg2 d5 4. cxd5 Nxd5 5. Nc3 Nb6 6. Nf3 Nc6 7. O-O Be7 8.
a3 O-O 9. b4 a6 10. d3 f6 11. Be3 Be6 12. Rc1 Qd7 13. Ne4 Rad8 14. Nc5 Bxc5 15.
Bxc5 Rfe8 16. Qc2 Bh3 17. Bxh3 Qxh3 18. Rfd1 Qe6 19. e4 Nd7 20. Be3 Nf8 21. Qb2
Ra8 22. a4 Rec8 23. d4 exd4 24. Nxd4 Qxe4 25. Nxc6 bxc6 26. Rd4 Qe8 27. Rdc4 c5
28. Rxc5 Qxa4 29. Rxc7 Rxc7 30. Rxc7 Rb8 31. Qd4 Qb3 32. Rxg7+ Kxg7 33. Qa7+
Nd7 34. Qxd7+ Qf7 35. Bh6+ Kg8 36. Qxf7+ Kxf7 37. Bd2 Ke6 0-1

[Event "34. Kieler Open 2022"]
[Site "Kiel"]
[Date "2022.07.31"]
[Round "3.19"]
[White "Basey, Matthew"]
[Black "Christensen, Andreas"]
[Result "1-0"]
[WhiteElo "1991"]
[BlackElo "1901"]
[PlyCount "63"]
[EventDate "2022.??.??"]

1. e4 c6 2. d4 d5 3. e5 c5 4. dxc5 Nc6 5. Nf3 Bg4 6. Nbd2 e6 7. h3 Bxf3 8. Nxf3
Bxc5 9. Bd3 Nge7 10. O-O Ng6 11. Qe2 O-O 12. a3 Qc7 13. Re1 Rac8 14. h4 Rfe8
15. c3 Bf8 16. h5 Nge7 17. g3 Na5 18. Kg2 h6 19. Bc2 Qc4 20. Bd3 Qc7 21. Bf4
Nb3 22. Rad1 Nc5 23. Bb1 g6 24. Nd4 a6 25. hxg6 Nxg6 26. Qg4 Ne4 27. f3 Ng5 28.
Bxg5 hxg5 29. Qxg5 Bg7 30. f4 Ne7 31. Rh1 Nc6 32. Rh7 1-0

[Event "34. Kieler Open 2022"]
[Site "Kiel"]
[Date "2022.07.31"]
[Round "3.20"]
[White "Helms, Finn"]
[Black "Riechenberg, Maximilian"]
[Result "1/2-1/2"]
[WhiteElo "1973"]
[BlackElo "1771"]
[PlyCount "94"]
[EventDate "2022.??.??"]

1. e4 e5 2. Nf3 Nc6 3. Bc4 Bc5 4. c3 Nf6 5. d4 exd4 6. e5 d5 7. Bb5 Ne4 8. cxd4
Bb6 9. Nc3 O-O 10. Be3 f6 11. exf6 Nxc3 12. bxc3 Qxf6 13. Qd2 Bf5 14. O-O h6
15. Bd3 Rae8 16. a4 Na5 17. Rab1 Bxd3 18. Qxd3 Nc4 19. Nd2 Nxd2 20. Bxd2 Qf5
21. Qg3 Kh8 22. Rbe1 c5 23. dxc5 Bxc5 24. Be3 Bxe3 25. Rxe3 Rxe3 26. Qxe3 b6
27. a5 Qf6 28. axb6 Qxb6 29. Qxb6 axb6 30. Rb1 Rc8 31. Rxb6 Rxc3 32. Kf1 Kg8
33. Rd6 Rc5 34. Ke2 Kf7 35. Kd3 Ke7 36. Ra6 Rb5 37. Kc3 Rc5+ 38. Kd4 Rc2 39.
Ke3 Rc3+ 40. Kd2 Rc5 41. h4 Rb5 42. Rg6 Kf7 43. h5 Rb4 44. Rd6 Rg4 45. Rxd5
Rxg2 46. Ke3 Kf6 47. f4 Ra2 1/2-1/2

[Event "34. Kieler Open 2022"]
[Site "Kiel"]
[Date "2022.07.31"]
[Round "4.1"]
[White "Basener, Winfried"]
[Black "Legky, Nikolay A"]
[Result "0-1"]
[WhiteElo "2078"]
[BlackElo "2374"]
[PlyCount "54"]
[EventDate "2022.07.??"]
[EventType "swiss"]
[EventRounds "9"]
[EventCountry "GER"]

1. e4 e6 2. d4 d5 3. Nc3 Bb4 4. e5 c5 5. Bd2 Ne7 6. Nb5 Bxd2+ 7. Qxd2 O-O 8. c3
f6 9. exf6 Rxf6 10. Be2 Bd7 11. Nf3 Qa5 12. Na3 cxd4 13. cxd4 Qxd2+ 14. Kxd2 a6
15. Nc2 Nbc6 16. Ne3 Be8 17. Rhd1 Bh5 18. g4 Bg6 19. Ke1 Raf8 20. Ng5 h6 21.
Nh3 Be4 22. Rd2 g5 23. Bf1 Ng6 24. Rc1 Nh4 25. Ng1 R6f7 26. Rcd1 e5 27. dxe5
Nxe5 {Time Zeit} 0-1

[Event "34. Kieler Open 2022"]
[Site "Kiel"]
[Date "2022.07.31"]
[Round "4.3"]
[White "Doll, Alexander"]
[Black "Schmitz, Andreas Arnold"]
[Result "1-0"]
[WhiteElo "2180"]
[BlackElo "2070"]
[PlyCount "73"]
[EventDate "2022.07.??"]
[EventType "swiss"]
[EventRounds "9"]
[EventCountry "GER"]

1. e4 e6 2. d4 d5 3. Bd3 c5 4. exd5 Qxd5 5. Nc3 Qxd4 6. Nb5 Qd8 7. Bf4 Na6 8.
Qe2 Nf6 9. O-O-O Nd5 10. Bc4 Be7 11. Bxd5 exd5 12. Nd6+ Kf8 13. Rxd5 Be6 14.
Rd1 Nb4 15. a3 Nd5 16. Ne4 Qb6 17. Be5 c4 18. Nc3 Nxc3 19. Bxc3 Bg5+ 20. Kb1
Be7 21. Qf3 h5 22. Ne2 Rh6 23. h3 Kg8 24. Nf4 Bf6 25. Rhe1 Bxc3 26. Qxc3 Re8
27. Re3 Qc6 28. Rg3 g6 29. Nxe6 Rxe6 30. Rd8+ Re8 31. Rxe8+ Qxe8 32. Qxc4 b5
33. Qd5 Qe1+ 34. Ka2 h4 35. Re3 Qf1 36. Re8+ Kh7 37. Qxf7# 1-0

[Event "34. Kieler Open 2022"]
[Site "Kiel"]
[Date "2022.07.31"]
[Round "4.4"]
[White "Boehme, Sebastian"]
[Black "Ruhland, Cliff"]
[Result "0-1"]
[WhiteElo "2168"]
[BlackElo "1997"]
[PlyCount "88"]
[EventDate "2022.07.??"]
[EventType "swiss"]
[EventRounds "9"]
[EventCountry "GER"]

1. e4 e5 2. Nf3 Nf6 3. Nc3 Nc6 4. d4 exd4 5. Nxd4 Nxe4 6. Nxe4 Qe7 7. Nxc6
Qxe4+ 8. Be2 Qxc6 9. O-O Be7 10. Bf3 Qd6 11. Qe2 O-O 12. Bf4 Qxf4 13. Qxe7 c6
14. c4 Qxc4 15. Qd6 Qe6 16. Qc7 d5 17. Rfe1 Qd7 18. Re7 Qxc7 19. Rxc7 Re8 20.
b4 Kf8 21. Kf1 Re7 22. Rxe7 Kxe7 23. Ke2 Kd6 24. Ke3 a5 25. b5 cxb5 26. Kd4 Be6
27. Rc1 Rc8 28. Rxc8 Bxc8 29. a3 Be6 30. Be2 Bd7 31. Bd3 h6 32. Bc2 Kc6 33. f4
g6 34. Bb3 Be6 35. h3 a4 36. Ba2 b4 37. axb4 Kb5 38. g4 Kxb4 39. Bb1 Kb3 40.
Ke5 Kb2 41. Bxg6 fxg6 42. Kxe6 a3 43. f5 gxf5 44. gxf5 a2 0-1

[Event "34. Kieler Open 2022"]
[Site "Kiel"]
[Date "2022.07.31"]
[Round "4.6"]
[White "Rudolph, Johannes"]
[Black "Braeutigam, Alexander"]
[Result "1-0"]
[WhiteElo "2363"]
[BlackElo "1771"]
[PlyCount "81"]
[EventDate "2022.07.??"]
[EventType "swiss"]
[EventRounds "9"]
[EventCountry "GER"]

1. d4 Nf6 2. c4 e6 3. Nf3 d5 4. Nc3 dxc4 5. e4 a6 6. Bxc4 b5 7. Bd3 c5 8. e5
Nd5 9. Bg5 Nxc3 10. bxc3 Be7 11. Be3 Nd7 12. O-O O-O 13. Ne1 Qa5 14. Qg4 f5 15.
exf6 Nxf6 16. Qg3 c4 17. Bc2 Qxc3 18. Rc1 Qa3 19. Nf3 Ra7 20. Ne5 Bd6 21. Qh4
Qb2 22. g4 g5 23. Bxg5 Bxe5 24. dxe5 Qxe5 25. Bh6 Rff7 26. Rfe1 Qc7 27. Rcd1
Qe7 28. Qg5+ Kh8 29. Qe5 Kg8 30. Qg5+ Kh8 31. Qe5 Kg8 32. h3 Rc7 33. Be3 Rd7
34. Rxd7 Qxd7 35. Rd1 Nd5 36. Bd4 Nf6 37. Bc3 Qe8 38. g5 Bb7 39. gxf6 Qc6 40.
Rd8+ Rf8 41. f7+ 1-0

[Event "34. Kieler Open 2022"]
[Site "Kiel"]
[Date "2022.07.31"]
[Round "4.7"]
[White "Farokhi, Keyvan"]
[Black "Doeserich, Juergen"]
[Result "1-0"]
[WhiteElo "2332"]
[BlackElo "1945"]
[PlyCount "47"]
[EventDate "2022.07.??"]
[EventType "swiss"]
[EventRounds "9"]
[EventCountry "GER"]

1. e4 c5 2. Nf3 d6 3. d4 cxd4 4. Nxd4 Nf6 5. Nc3 a6 6. Be3 e5 7. Nb3 Be6 8. f3
Be7 9. Qd2 h5 10. Be2 Nbd7 11. Nd5 Nxd5 12. exd5 Bf5 13. O-O b6 14. f4 e4 15.
Nd4 g6 16. b4 Bf6 17. Rac1 Kf8 18. h3 h4 19. Bg4 Bxg4 20. hxg4 Bxd4 21. Bxd4 f6
22. g5 Rh5 23. f5 Rxg5 24. Bxf6 1-0